| 000 | 01336cam a2200301 4500 | ||
|---|---|---|---|
| 001 | ABS65707 | ||
| 008 | 020730n2002 000 0 eng u | ||
| 035 | _a(Sirsi) u119101 | ||
| 245 | _aBest of the best | ||
| 260 | _c2002 | ||
| 490 |
_aNational Real Estate Investor _vJuly 2002, 26-89(43) |
||
| 520 | _aA comprehensive rankings guide to the US commercial real estate sector. Top 25 listings are provided for: brokerages; office owners; office developers; industrial owners; industrial developers; property managers; direct lenders; financial intermediaries; National multi-housing council (NMHC) apartment owners; NHMC apartment managers; shopping centre owners; hotel owners. Data are for 2001and each entry gives full contact details and selected commercial information where available. | ||
| 590 | _aABS | ||
| 650 | _aUNITED STATES | ||
| 650 | _aPROPERTY-COMMERCIAL PROPERTY | ||
| 650 | _aREAL ESTATE BROKERS | ||
| 650 | _aPROPERTY-COMMERCIAL PROPERTY-COMMERCIAL PROPERTY DEVELOPMENT | ||
| 650 | _aREAL ESTATE | ||
| 650 | _aINDUSTRIAL PROPERTY | ||
| 650 | _aPROPERTY MANAGERS | ||
| 650 | _aPROPERTY FINANCE | ||
| 650 | _aPROPERTY INVESTORS | ||
| 650 | _aSOCIAL HOUSING | ||
| 650 | _aSHOPPING CENTRES | ||
| 650 | _aHOTELS | ||
| 690 | _aPROPERTY-COMMERCIAL PROPERTY-COMMERCIAL PROPERTY MARKET | ||
| 942 | _n0 | ||
| 999 |
_c70847 _d70847 |
||